Statistics for Lana Del Rey - Guns and Roses - Lyrics

Click here to take the quiz!

General Stats

  • This quiz has been taken 8 times
  • The average score is 194 of 221

Answer Stats

Answer% Correct
all
100%
And
100%
and
100%
anyway
100%
better
100%
But
100%
Cause
100%
guns
100%
have
100%
he
100%
He
100%
Heavy
100%
honest
100%
I
100%
it
100%
let
100%
love
100%
loved
100%
man
100%
me
100%
metal
100%
mine
100%
much
100%
of
100%
others
100%
play
100%
rest
100%
roses,
100%
roses
100%
should
100%
so
100%
than
100%
the
100%
them
100%
then
100%
time
100%
to
100%
want
100%
We
100%
were
100%
you
100%
You
100%
boy
83%
boy,
83%
can
83%
didn't
83%
divine
83%
game
83%
got
83%
in
83%
learned
83%
Motorcycle
83%
out
83%
see
83%
stay
83%
worth
83%
air
67%
back
67%
feel
67%
wasn't
67%
again
50%
began
50%
done
50%
land
50%
Las
50%
promised
50%
tonight
50%
Vegas
50%
coming
33%
kind
33%
left
33%
light
33%
on
33%
summer
33%
bathing
17%
blue
17%
marrying
17%
Pacific
17%
tan
17%
that
17%
turning
17%
walking
17%
bike
0%
Detroit
0%
look
0%
terrific
0%
Took
0%
your
0%

Score Distribution

Percentile by Number Answered

Percent of People with Each Score

Your Score History

You have not taken this quiz